000 00913nam a2200265Ia 4500
003 OSt
005 20221005110519.0
006 a|||||r|||| 00| 0
007 ta
008 221004b |||||||| |||| 00| 0 hin d
020 _a817714264X (hbk)
_c1200
024 _a88757
037 _b464, 25/03/2008, Swaraj Prakashan
_cTextual
040 _aCRL
_cCRL
_bhin
041 _2hin
_ahin
082 _aV1N39, 152P6
100 _aमुखर्जी, विकास
245 0 _aद्वितीय विश्वयुद्ध
246 _aDvitīya vishvayuddha
260 _aनई दिल्ली
_bप्रकाशन संस्थान
_c2006
300 _a333पृ0
_ccm.
650 _aविश्व-इतिहास
942 _hV1N39, 152P6
_cTEXL
_2cc
999 _c1019055
_d1019055